000 00558nam a2200181 i 4500
001 51065
003 ES-MaACL
005 20230906162305.0
007 t|
008 030808s1983 fr ||||1| fre d
020 _a2-252-02437-2
100 1 _aChantraine, Pierre.
_937988
245 1 0 _aDictionnaire étymologique de la langue grecque
_b: histoire des mots /
_cpar Pierre Chantraine.
260 _aParis :
_bKlincksieck,
_c1983.
300 _a2 v. (1368 p.) ;
_c28 cm.
505 8 _aContiene: V. I: A-K. -- V. II
852 _aES-MaACL
_jC-1914-5
_bR.113119
999 _c51065
_d51065